La historia del arte
Saved in:
| Hovedforfatter: | |
|---|---|
| Format: | Bog |
| Sprog: | spansk |
| Udgivet: |
Buenos Aires, Argentina
Sudamericana
2004
|
| Udgivelse: | 2a. ed |
| Fag: | |
| Online adgang: | Disponible Online |
| Tags: |
Tilføj Tag
Ingen Tags, Vær først til at tagge denne postø!
|
MARC
| LEADER | 00000nam a2200000 a 4500 | ||
|---|---|---|---|
| 001 | UCK0561 | ||
| 003 | CL-VaPUC | ||
| 005 | 20250127104934.0 | ||
| 008 | 041015e20040500AG |||||||||||||||||spa|d | ||
| 999 | |c 310937 |d 310935 | ||
| 020 | |a 9500715694 | ||
| 040 | |c Pontificia Universidad Católica de Valparaíso | ||
| 082 | 0 | 4 | |a 700.9 GOM 2004 |b |2 21 |
| 100 | |a Gombrich, Ernst Hans |e autor |9 598146 | ||
| 245 | 1 | 3 | |a La historia del arte |
| 250 | |a 2a. ed | ||
| 260 | |a Buenos Aires, Argentina |b Sudamericana |c 2004 | ||
| 300 | |a 688 páginas | ||
| 583 | |a last modification |c 20041015 00:00:00 |k Rodrigo Vera | ||
| 650 | 0 | |a Arte |9 265238 | |
| 650 | 0 | |a Historia del arte |9 314877 | |
| 856 | |u https://bibliografiadigital.pucv.cl/index.php/bibliotecapucv/catalog/book/72 |y Disponible Online | ||
| 942 | |c BK |2 ddc | ||
| 945 | |d 20041015 00:00:00 |a vberengu | ||
| 952 | |0 0 |1 0 |4 0 |6 700_900000000000000_GOM_2004 |7 0 |8 R |9 380021 |a BIBART |b BIBART |d 2019-11-21 |i 4070542 |l 38 |m 2 |o 700.9 GOM 2004 |p 4070542 |r 2025-03-13 |s 2023-07-07 |w 2019-11-21 |y BK_R |k ART | ||